Hriešne pokušenie (Record no. 19951)
[ view plain ]
| 000 -LEADER | |
|---|---|
| fixed length control field | 01502cam a2200421 4500 |
| 001 - CONTROL NUMBER | |
| control field | 19951 |
| 003 - CONTROL NUMBER IDENTIFIER | |
| control field | SK-KTurca |
| 005 - DATE AND TIME OF LATEST TRANSACTION | |
| control field | 20251217163121.0 |
| 008 - FIXED-LENGTH DATA ELEMENTS--GENERAL INFORMATION | |
| fixed length control field | 240717s2024 xo e 010 f slo |
| 015 ## - NATIONAL BIBLIOGRAPHY NUMBER | |
| National bibliography number | SNBA2024/07 |
| 020 ## - INTERNATIONAL STANDARD BOOK NUMBER | |
| International Standard Book Number | 9788080907440 |
| Qualifying information | (viazané) |
| 020 ## - INTERNATIONAL STANDARD BOOK NUMBER | |
| International Standard Book Number | 9788080907471 |
| Qualifying information | (ePub) |
| 040 ## - CATALOGING SOURCE | |
| Original cataloging agency | SNK |
| Language of cataloging | slo |
| Transcribing agency | SNK |
| Description conventions | rda |
| 041 1# - LANGUAGE CODE | |
| Language code of text/sound track or separate title | slo |
| Language code of original | eng |
| 044 ## - COUNTRY OF PUBLISHING/PRODUCING ENTITY CODE | |
| MARC country code | xo |
| ISO country code | SK |
| 072 #7 - SUBJECT CATEGORY CODE | |
| Subject category code | 821.111(73)-3 |
| Subject category code subdivision | Americká próza |
| Source | konspekt |
| 080 ## - UNIVERSAL DECIMAL CLASSIFICATION NUMBER | |
| Universal Decimal Classification number | 821.111(73)-31 |
| Edition identifier | 2011 |
| 080 ## - UNIVERSAL DECIMAL CLASSIFICATION NUMBER | |
| Universal Decimal Classification number | (0:82-993) |
| Edition identifier | 2011 |
| 100 1# - MAIN ENTRY--PERSONAL NAME | |
| Personal name | O'roark, Elizabeth |
| Relationship | aut |
| 240 14 - UNIFORM TITLE | |
| Uniform title | The devil and the deep blue see |
| Language of a work | Slovensky |
| 245 10 - TITLE STATEMENT | |
| Title | Hriešne pokušenie |
| Statement of responsibility, etc. | Elizabeth O'roark ; z anglického originálu The devil and the deep blue see ... preložila do slovenčiny Monika Tužinská |
| 246 1# - VARYING FORM OF TITLE | |
| Display text | Obálkový podnázov: |
| Title proper/short title | Naozaj ho neznáša, alebo si len nechce priznať, že ho chce? |
| 250 ## - EDITION STATEMENT | |
| Edition statement | Vydanie 1. |
| 264 #1 - PRODUCTION, PUBLICATION, DISTRIBUTION, MANUFACTURE, AND COPYRIGHT NOTICE | |
| Place of production, publication, distribution, manufacture | Bratislava |
| Name of producer, publisher, distributor, manufacturer | Grada Slovakia s.r.o. - Metafora |
| Date of production, publication, distribution, manufacture, or copyright notice | 2024 |
| 300 ## - PHYSICAL DESCRIPTION | |
| Extent | 280 strán |
| Dimensions | 22 cm |
| 336 ## - CONTENT TYPE | |
| Content type term | text |
| Content type code | txt |
| Source | rdacontent |
| 337 ## - MEDIA TYPE | |
| Media type term | bez média |
| Media type code | n |
| Source | rdamedia |
| 338 ## - CARRIER TYPE | |
| Carrier type term | zväzok |
| Carrier type code | nc |
| Source | rdacarrier |
| 500 ## - GENERAL NOTE | |
| General note | Obsahuje stručné biografické údaje o autorke |
| 655 #7 - INDEX TERM--GENRE/FORM | |
| Genre/form data or focus term | americké romány |
| Source of term | SNKPH |
| 655 #7 - INDEX TERM--GENRE/FORM | |
| Genre/form data or focus term | erotické romány |
| Source of term | SNKPH |
| 655 #7 - INDEX TERM--GENRE/FORM | |
| Genre/form data or focus term | American novels |
| Source of term | SNKPHeng |
| 655 #7 - INDEX TERM--GENRE/FORM | |
| Genre/form data or focus term | Erotic novels |
| Source of term | SNKPHeng |
| 700 1# - ADDED ENTRY--PERSONAL NAME | |
| Personal name | Tužinská, Monika |
| Relationship | trl |
| 787 08 - OTHER RELATIONSHIP ENTRY | |
| Relationship information | Zo série: |
| Title | Hry s diablom |
| Related parts | 2. diel |
| 942 ## - ADDED ENTRY ELEMENTS (KOHA) | |
| Source of classification or shelving scheme | Dewey Decimal Classification |
| Koha item type | Krásna literatúra pre dospelých |
| Suppress in OPAC | No |
| Stav vyradenia | Strata | Poškodenie | Spôsob nadobudnutia | Domovská knižnica | Aktuálna knižnica | Dátum nadobudnutia | Cena | Total checkouts | Čiarový kód exemplára | Date due | Date last seen | Date last checked out | Typ exemplára |
|---|---|---|---|---|---|---|---|---|---|---|---|---|---|
| Kúpa | Obecná knižnica Dražkovce | Obecná knižnica Dražkovce | 11.12.2025 | 16.99 | 3 | 4736500679 | 24.04.2026 | 25.03.2026 | 25.03.2026 | Krásna literatúra pre dospelých |
